Statistics for Wrestler of the year since 1972 (PWI)

Click here to take the quiz!

General Stats

  • This quiz has been taken 52 times
  • The average score is 30 of 42

Answer Stats

year + companyname% Correct
1987 WWF | 1991 WWF | 1994 WCWHulk Hogan
97%
2006 WWE | 2007 WWEJohn Cena
95%
1988 WWFRandy Savage
89%
2000 WWFThe Rock
89%
2009 WWE | 2010 WWERandy Orton
86%
1998 WWF | 1999 WWF | 2001 WWFSteve Austin
86%
1995 WWFDiesel
84%
2008 WWETriple H
84%
2004 WWEChris Benoit
84%
1981 NWA | 1984 WCW | 1985 WCW | +3 othersRic Flair
84%
2005 WWEBatista
78%
1990 WCWSting
78%
2013 WWEDaniel Bryan
76%
2011 WWE | 2012 WWEC.M. Punk
73%
2003 WWEKurt Angle
68%
1980 WWF | 1982 WWFBob Backlund
68%
2002 WWEBrock Lesnar
65%
1997 WCWLex Luger
59%
1974 WWWFBruno Sammartino
59%
1996 WCWThe Giant
51%
1977 NWA | 1978 NWADusty Rhodes
51%
1979 NWA | 1983 NWAHarley Race
49%
1993 WCWBig Van Vader
46%
1972 WWWFPedro Morales
38%
1976 NWATerry Funk
22%
1973 NWAJack Brisco
14%
1975 GCWMr.Wrestling 2
8%

Score Distribution

Percentile by Number Answered

Percent of People with Each Score

Your Score History

You have not taken this quiz